LEADER 01386nam1 2200409 450 001 990002703490203316 005 20080923113312.0 035 $a000270349 035 $aUSA01000270349 035 $a(ALEPH)000270349USA01 035 $a000270349 100 $a20060119d1969----km-y0itay0103----ba 101 $aspa 102 $aIT 105 $a||||||||001yy 200 1 $a<> instituciones feudo-vasallaticas en Leon y Castilla$fHilda Grassotti 210 $aSpoleto$cCentro italiano di studi sull'alto medioevo$d1969 215 $a2 v.$d22 cm. 225 2 $aCentro italiano di studi sull'alto Medioevo$v4 410 0$12001$aCentro italiano di studi sull'alto Medioevo$v4 454 1$12001 461 1$1001-------$12001 463 \1$1001990002703500203316$12001 $a<> : <> vasallaje 463 \1$1001990002703510203316$12001 $a<> : <> recompensa vasallatica 606 0 $aRegno di Leon e di Castiglia$xStoria 676 $a946 700 1$aGRASSOTTI,$bHilda$0194820 801 0$aIT$bsalbc$gISBD 912 $a990002703490203316 951 $aFC M 1776/$bDLM$cFC M 959 $aBK 969 $aDILAM 979 $aDILAM$b90$c20060119$lUSA01$h1233 979 $aDILAM$b90$c20060119$lUSA01$h1233 979 $aDILAM$b90$c20080923$lUSA01$h1133 996 $aInstituciones feudo-vasallaticas en León y Castilla$9522623 997 $aUNISA LEADER 00649nam0-22002771i-450- 001 990003959270403321 010 $a88-464-3890-6 035 $a000395927 035 $aFED01000395927 035 $a(Aleph)000395927FED01 035 $a000395927 100 $a20030520d2001----km-y0itay50------ba 101 0 $ait 102 $aIT 200 1 $aArar 205 $aFranco Angeli 210 $aMilano 215 $a301 p.$d22 cm 700 1$aSegreto,$bLuciano$0134350 801 0$aIT$bUNINA$gRICA$2UNIMARC 901 $aBK 912 $a990003959270403321 952 $aN6.357$b9085$fDECTS 959 $aDECTS 996 $aArar$9157314 997 $aUNINA